[Event "Madurai Athens of the East op 3rd"]
[Site "Madurai"]
[Date "2023.12.24"]
[Round "2"]
[White "Srihari, LR."]
[Black "Om, Nagnath Lamkane"]
[Result "1-0"]
[WhiteElo "2467"]
[BlackElo "1821"]
[PlyCount "101"]
[EventDate "2023.12.23"]
[EventType "swiss"]
[EventRounds "10"]
[EventCountry "IND"]
[SourceTitle "CB06_2024"]
[SourceDate "2024.02.07"]
[SourceVersion "1"]
[SourceVersionDate "2024.02.07"]
[SourceQuality "1"]

1. c4 Nf6 2. Nf3 g6 3. b4 Bg7 4. Bb2 0-0 5. e3 d6 6. d4 c5 7. a3 b6 8. Be2 Bb7 9. 0-0 e6 10. Nc3 Qe7 11. Qb3 Nbd7 12. Rfd1 Rfd8 13. a4 Ne4 14. a5 Nxc3 15. Bxc3 Nf6 16. a6 Bc6 17. dxc5 dxc5 18. Ne5 Be8 19. bxc5 Qxc5 20. Bd4 Qc7 21. Bf3 Rab8 22. Qb2 Qe7 23. h3 h5 24. Bb7 Nh7 25. f4 f6 26. Nd3 Nf8 27. c5 e5 28. cxb6 exd4 29. bxa7 Ra8 30. Bxa8 Rxa8 31. Qb7 Rxa7 32. Qxe7 Rxe7 33. a7 Bc6 34. Rdc1 Bb7 35. exd4 Re2 36. Kf1 Rd2 37. Rd1 Bxg2+ 38. Kg1 Re2 39. Nc1 Rc2 40. d5 Bh6 41. Ra2 Rxc1 42. a8Q Rxd1+ 43. Kxg2 Bxf4 44. Qb7 Be3 45. Qe7 Rg1+ 46. Kf3 Bh6 47. d6 Rf1+ 48. Ke2 Rf5 49. d7 Re5+ 50. Qxe5 fxe5 51. d8Q 1-0

[Event "Bhubaneswar op-A 14th"]
[Site "Bhubaneswar"]
[Date "2023.06.18"]
[Round "10"]
[White "Khairmode, Dhanashree"]
[Black "Om, Nagnath Lamkane"]
[Result "1-0"]
[WhiteElo "1613"]
[BlackElo "1840"]
[PlyCount "49"]
[EventDate "2023.06.11"]
[EventType "swiss"]
[EventRounds "10"]
[EventCountry "IND"]
[SourceTitle "CBM 214 Extra"]
[Source "ChessBase"]
[SourceDate "2023.07.31"]
[SourceVersion "1"]
[SourceVersionDate "2023.07.31"]
[SourceQuality "1"]

1. e4 c6 2. d4 d5 3. exd5 cxd5 4. c4 Nf6 5. Nc3 Nc6 6. Nf3 Bg4 7. cxd5 Nxd5 8. Qb3 Bxf3 9. gxf3 Ndb4 10. Be3 e6 11. a3 Nd5 12. Qxb7 Rc8 13. Nxd5 exd5 14. Rc1 Rc7 15. Qa6 Qc8 16. Qxc8+ Rxc8 17. Bb5 Kd7 18. Kd2 Bd6 19. Rc2 Rc7 20. Rhc1 Rhc8 21. Kd3 h6 22. Bd2 Bxh2 23. Ba5 Bf4 24. Bxc7 Bxc1 25. Rxc6 1-0

[Event "Bhubaneswar op-A 14th"]
[Site "Bhubaneswar"]
[Date "2023.06.15"]
[Round "7"]
[White "Om, Nagnath Lamkane"]
[Black "Mithiran, A."]
[Result "0-1"]
[WhiteElo "1840"]
[BlackElo "1602"]
[PlyCount "68"]
[EventDate "2023.06.11"]
[EventType "swiss"]
[EventRounds "10"]
[EventCountry "IND"]
[SourceTitle "CBM 214 Extra"]
[Source "ChessBase"]
[SourceDate "2023.07.31"]
[SourceVersion "1"]
[SourceVersionDate "2023.07.31"]
[SourceQuality "1"]

1. e4 c5 2. Nf3 d6 3. d4 cxd4 4. Nxd4 Nf6 5. Nc3 a6 6. Be3 e5 7. Nb3 Be6 8. f3 Be7 9. Qd2 0-0 10. 0-0-0 Nbd7 11. g4 b5 12. g5 Nh5 13. Nd5 Bxd5 14. exd5 f6 15. gxf6 Bxf6 16. Na5 Qe8 17. Nc6 Nf4 18. Qb4 Qh5 19. Bxf4 exf4 20. Qxd6 Qxf3 21. Bd3 Ne5 22. Nxe5 Qe3+ 23. Kb1 Qxe5 24. Qxe5 Bxe5 25. Be4 Bd6 26. Bf3 Rae8 27. c3 Re3 28. Rhf1 g5 29. Kc2 Kh8 30. Rd3 Rxf3 31. Rfxf3 g4 32. Rf1 f3 33. Rf2 h5 34. b3 h4 0-1

[Event "Gujarat op 3rd"]
[Site "Ahmedabad"]
[Date "2022.04.03"]
[Round "5"]
[White "Om, Nagnath Lamkane"]
[Black "Harsha, Bharathakoti"]
[Result "0-1"]
[WhiteElo "1881"]
[BlackElo "2499"]
[PlyCount "72"]
[EventDate "2022.03.31"]
[EventType "swiss"]
[EventRounds "10"]
[EventCountry "IND"]
[SourceTitle "CBM 207 Extra"]
[Source "ChessBase"]
[SourceDate "2022.05.31"]
[SourceVersion "1"]
[SourceVersionDate "2022.05.31"]
[SourceQuality "1"]

1. e4 g6 2. d4 Bg7 3. Nc3 d6 4. Nf3 a6 5. a4 Nf6 6. h3 0-0 7. Bc4 Nxe4 8. Nxe4 d5 9. Bd3 dxe4 10. Bxe4 Nd7 11. 0-0 c5 12. c3 cxd4 13. Nxd4 Nc5 14. Bc2 Qc7 15. Qf3 Bd7 16. Be3 e5 17. Ne2 Bc6 18. Qg4 Ne6 19. Qb4 b5 20. a5 Qb7 21. f3 Rfd8 22. Qh4 Nc7 23. Rad1 Nd5 24. Be4 Bf6 25. Qf2 Nxe3 26. Qxe3 Rac8 27. Bxc6 Rxc6 28. Ng3 Qc7 29. Ne4 Be7 30. Rxd8+ Qxd8 31. b4 Qc7 32. Qd3 f5 33. Qd5+ Kg7 34. Ng3 Rxc3 35. Re1 Bh4 36. Kh2 f4 0-1

[Event "Kolhapur Kulkarni Memorial"]
[Site "Kolhapur"]
[Date "2021.12.08"]
[Round "8"]
[White "Bartakke, Amardeep S"]
[Black "Om, Nagnath Lamkane"]
[Result "0-1"]
[WhiteElo "2177"]
[BlackElo "1714"]
[PlyCount "106"]
[EventDate "2021.12.04"]
[EventType "swiss"]
[EventRounds "10"]
[EventCountry "IND"]
[SourceTitle "EXT 2023"]
[Source "ChessBase"]
[SourceDate "2022.10.05"]
[SourceVersion "1"]
[SourceVersionDate "2022.10.05"]
[SourceQuality "1"]

1. e4 c5 2. Nf3 d6 3. c3 Nf6 4. h3 Nc6 5. Bd3 e5 6. Bc2 g6 7. 0-0 Bg7 8. d4 cxd4 9. cxd4 exd4 10. Nxd4 0-0 11. Bg5 Qa5 12. Bd2 Qb6 13. Nxc6 bxc6 14. Bc3 d5 15. Nd2 Ba6 16. Bxf6 Bxf6 17. Re1 Bd4 18. Qf3 Qxb2 19. Nb3 Bb6 20. Rac1 Rfe8 21. Bb1 Rad8 22. Rxc6 dxe4 23. Bxe4 Bb7 24. Rc4 Rxe4 25. Rcxe4 Bxe4 26. Rxe4 Qxa2 27. Re7 Qxf2+ 28. Qxf2 Rd1+ 29. Kh2 Bxf2 30. g4 Bb6 31. Re2 Rb1 32. Nd2 Rb2 33. Kg3 Kf8 34. Kf3 Rc2 35. Ne4 Rxe2 36. Kxe2 h6 37. Nf6 Bd8 38. Nd5 Ke8 39. Kd3 Kd7 40. Ke4 Ke6 41. Nf4+ Kd6 42. Kd4 Bf6+ 43. Ke4 Kc5 44. Nd3+ Kc4 45. h4 a5 46. h5 a4 47. g5 hxg5 48. h6 a3 49. Nc1 Kc3 50. h7 Kc2 51. Nd3 a2 52. Nb4+ Kb3 53. Nxa2 Kxa2 0-1

[Event "Kolhapur Kulkarni Memorial"]
[Site "Kolhapur"]
[Date "2021.12.06"]
[Round "4"]
[White "Gaikwad, Manas"]
[Black "Om, Nagnath Lamkane"]
[Result "1-0"]
[WhiteElo "1243"]
[BlackElo "1714"]
[PlyCount "111"]
[EventDate "2021.12.04"]
[EventType "swiss"]
[EventRounds "10"]
[EventCountry "IND"]
[SourceTitle "EXT 2023"]
[Source "ChessBase"]
[SourceDate "2022.10.05"]
[SourceVersion "1"]
[SourceVersionDate "2022.10.05"]
[SourceQuality "1"]

1. e4 e5 2. Nf3 Nc6 3. Bc4 Nf6 4. d3 Bc5 5. c3 Qe7 6. Be3 d6 7. Nbd2 a6 8. Bb3 h6 9. h3 Ba7 10. Nf1 Be6 11. Ng3 g6 12. Qd2 Bxe3 13. fxe3 Bxb3 14. axb3 d5 15. exd5 Nxd5 16. b4 Rd8 17. 0-0 0-0 18. e4 Nf4 19. d4 f6 20. d5 Qg7 21. Qe3 Ne7 22. Nh4 f5 23. c4 fxe4 24. Qxe4 Rd6 25. Rae1 Nf5 26. Ngxf5 gxf5 27. Qxe5 Nxh3+ 28. Kh2 Qxe5+ 29. Rxe5 Ng5 30. Rfxf5 Rdf6 31. c5 b6 32. Rxf6 Rxf6 33. Re7 bxc5 34. bxc5 Rf7 35. Re3 Rf4 36. Kg3 Rc4 37. c6 Ne4+ 38. Kh2 Nf6 39. Nf5 Ng4+ 40. Kg3 Nxe3 41. Nxe3 Rd4 42. Nf5 Rd2 43. d6 cxd6 44. c7 Rc2 45. c8Q+ Rxc8 46. Ne7+ Kf7 47. Nxc8 Ke6 48. Kf4 Kd7 49. Nb6+ Kc6 50. Nc4 Kc5 51. Ne3 Kb4 52. Nf5 h5 53. Nxd6 Kb3 54. Kg5 Kxb2 55. Kxh5 Kb3 56. Nb7 1-0

[Event "New Delhi Parsvnath blitz op 18th"]
[Site "New Delhi"]
[Date "2020.01.14"]
[Round "8"]
[White "Om, Nagnath Lamkane"]
[Black "Pradip, Tiwari"]
[Result "1/2-1/2"]
[WhiteElo "1625"]
[BlackElo "1888"]
[PlyCount "123"]
[EventDate "2020.01.14"]
[EventType "swiss (blitz)"]
[EventRounds "9"]
[EventCountry "IND"]
[SourceTitle "CBM 194 Extra"]
[Source "ChessBase"]
[SourceDate "2020.03.31"]
[SourceVersion "1"]
[SourceVersionDate "2020.03.31"]
[SourceQuality "1"]

1. d4 d5 2. c4 c6 3. Nc3 Nf6 4. Nf3 g6 5. cxd5 cxd5 6. Bf4 Bg7 7. e3 0-0 8. Bd3 Nc6 9. 0-0 Bg4 10. h3 Bf5 11. Bxf5 gxf5 12. Ne5 e6 13. Qf3 Nxe5 14. Bxe5 Nd7 15. Bh2 a6 16. Bf4 Rc8 17. Rac1 Qb6 18. b3 Qa5 19. Na4 Kh8 20. Bd6 Rfe8 21. Qh5 Kg8 22. Qe2 h6 23. Nc5 Nxc5 24. Bxc5 Rc6 25. b4 Qa4 26. Qb2 Rec8 27. Be7 Rc2 28. Qb1 R8c4 29. a3 b5 30. Rxc2 Qxc2 31. Qxc2 Rxc2 32. Ra1 Bf8 33. Bc5 e5 34. Kf1 f4 35. exf4 exd4 36. Bxd4 Rc4 37. Be5 f6 38. Bxf6 Rxf4 39. Be5 Re4 40. Bg3 Bg7 41. Rd1 d4 42. f3 Re3 43. Bf2 Rxa3 44. Bxd4 Bxd4 45. Rxd4 Rb3 46. Rd6 Kg7 47. Rxa6 Rxb4 48. Kf2 Rb3 49. Rb6 Rb4 50. g4 Rb3 51. Kg3 Rb1 52. h4 b4 53. Kf4 b3 54. Kf5 b2 55. f4 Rh1 56. Rxb2 Rxh4 57. Rb7+ Kf8 58. Kf6 Ke8 59. Rb8+ Kd7 60. g5 Rxf4+ 61. Kg6 hxg5 62. Kxg5 1/2-1/2